000 00746nam a22002297a 4500
003 OSt
005 20231004142642.0
008 221006b |||||||| |||| 00| 0 eng d
040 _cBiblioteca Lado V
082 _a700
_bA385i
110 _91149
_aAlfa Romeo
_eautor
245 _aIl giorno dellárte/
_bGuida alla Biennale/
246 _aThe art newspaper/
260 _bCornice venice art fair
_c2007
_aITALIA
300 _c28.5x41cm
_a6p.
366 _eeng
650 _2Tesauro de Arte & Arquitectura
_aARTE
_9703
650 _2Tesauro de Arte & Arquitectura
_aTEORÍA
650 _2Tesauro de Arte & Arquitectura
_aCRITICA
_9702
650 _2Tesauro de Arte & Arquitectura
_aBIENAL
942 _2ddc
_c1
_h700
_iA385i
_n0
999 _c4462
_d4462